000 00286nam a2200109Ia 4500
008 220216s9999 xx 000 0 und d
245 0 _aRubber usage to increase 4.1;yearly through 2013
260 _bRubber World
_c2010
300 _a9
650 _aWorld rubber consumption
942 _cJS
999 _c68106
_d68106